Quiz su Charles Leclerc. - Statistics

Statistiche generali
  • Questo quiz è stato fatto 315 volte
  • Il punteggio medio è 15 su 21
Statistiche sulle risposte
Domanda Risposta % Corretto
Nome Charles
100%
Cognome Leclerc
99%
Hat-Trick in F1 1
98%
Miglior risultato finale
96%
Dove abita Monaco
95%
Scuderia attuale Ferrari
94%
Anno di nascita 1997
91%
Anni 25
90%
Scuderia passata (F1) Sauber
88%
Gran premi vinti in F1 5
84%
Compagno di scuderia in Ferrari 2021-2022 Carlos Sainz Jr
79%
Compagno di scuderia in Ferrari 2019-20 Sebastian Vettel
73%
Podi ottenuti in F1 24
64%
Pole position in F1 18
61%
Scuderia passata (F2) Prema Racing
56%
Dove ottenne la prima vittoria in F1 + Anno Belgio 2019
50%
Quale fu il primo Gran premio disputato in F1 + Anno Australia 2018
38%
Compagno di scuderia in Sauber Marcus Ericsson
36%
Gran premi disputati in F1 103
27%
Dove ottenne la prima pole position in F1 + Anno Bahrein 2019
25%
Dove ottenne i suoi primi punti in F1 + Anno Azerbaigian 2018
10%
Nessun quiz corrispondente trovato
Distribuzione punteggi
Percentuale di utenti per punteggio
Percentile per numero di risposta
I tuoi punteggi nel tempo
Non hai fatto questo quiz